Microelectronic circuits (Record no. 1329)

000 -LEADER
fixed length control field 00597nam a22002177a 4500
001 - CONTROL NUMBER
control field 1329
003 - CONTROL NUMBER IDENTIFIER
control field BD-DhUET
008 - FIXED-LENGTH DATA ELEMENTS--GENERAL INFORMATION
fixed length control field 140903b xxu||||| |||| 00| 0 eng d
020 ## - INTERNATIONAL STANDARD BOOK NUMBER
International Standard Book Number 0195680847
040 ## - CATALOGING SOURCE
Transcribing agency 0
Modifying agency BD-DhUET
082 ## - DEWEY DECIMAL CLASSIFICATION NUMBER
Classification number 623.8153
Item number SED/1982
100 ## - MAIN ENTRY--PERSONAL NAME
Personal name Sedra, Adel.S
245 ## - TITLE STATEMENT
Title Microelectronic circuits
Statement of responsibility, etc. by Adel S. Sedra and Kenneth C. Smith
250 ## - EDITION STATEMENT
Edition statement 5th ed.
260 ## - PUBLICATION, DISTRIBUTION, ETC. (IMPRINT)
Place of publication, distribution, etc. New York
Name of publisher, distributor, etc. Oxford University Press
Date of publication, distribution, etc. 1982
300 ## - PHYSICAL DESCRIPTION
Extent xxi, 1283 p.
Other physical details ill.
Dimensions 22 cm.
504 ## - BIBLIOGRAPHY, ETC. NOTE
Bibliography, etc Includes bibliographies
650 #0 - SUBJECT ADDED ENTRY--TOPICAL TERM
Topical term or geographic name as entry element Electronic-Circuits
700 ## - ADDED ENTRY--PERSONAL NAME
Personal name Smith, Kenneth C.
942 ## - ADDED ENTRY ELEMENTS (KOHA)
Koha item type General Book
Holdings
Koha renewals Koha normalized classification for sorting Source of classification or shelving scheme Damaged status Copy number Price effective from Not for loan Location (home branch) Withdrawn status Koha full call number Piece designation (barcode) Koha issues (times borrowed) Koha item type Shelving location Koha date last seen Koha date last borrowed Lost status Sublocation or collection (holding branch) Date acquired Koha out on loan
1623_000000000000000_8153SED200  12014-09-03 Central Library, BUET 623.8153/SED/20041038719Guide BookCirculation section2022-05-222021-12-21 Central Library, BUET2014-09-03 
1623_815300000000000_SED_2004  22014-09-03 Central Library, BUET 623.8153/SED/20041038667General BookCirculation section2026-01-202026-01-20 Central Library, BUET2007-05-282026-02-03
 623_000000000000000_8153SED200  32014-09-03 Central Library, BUET 623.8153/SED/200410386713Guide BookCirculation section2022-11-222022-11-22 Central Library, BUET2014-09-032022-12-06
 623_000000000000000_8153SED200  42014-09-03 Central Library, BUET 623.8153/SED/20041038682Guide BookCirculation section2016-02-272016-02-27 Central Library, BUET2014-09-032017-02-26
 623_000000000000000_8153SED200  52014-09-03 Central Library, BUET 623.8153/SED/200410387012Guide BookCirculation section2024-06-022024-03-06 Central Library, BUET2014-09-03 
2623_000000000000000_8153SED200  62014-09-03 Central Library, BUET 623.8153/SED/200410387313Guide BookCirculation section2025-09-082025-08-24 Central Library, BUET2014-09-03 
1623_000000000000000_8153SED200  82014-09-03 Central Library, BUET 623.8153/SED/200410387216Guide BookCirculation section2023-06-052023-06-05 Central Library, BUET2014-09-032023-06-19
 623_000000000000000_8153SED200  92014-09-03 Central Library, BUET 623.8153/SED/200410387418Guide BookCirculation section2025-10-182025-09-24 Central Library, BUET2014-09-03 
 623_000000000000000_8153SED200  102014-10-27 Central Library, BUET 623.8153/SED/20041016935Guide BookCirculation section2020-02-102020-02-10 Central Library, BUET2014-10-272021-02-09
 623_815300000000000_SED_1982  112014-11-29 Central Library, BUET 623.8153/SED/19821077891General BookCirculation section2026-03-082014-12-08 Central Library, BUET2014-11-29 
 623_815300000000000_SED_1982  122016-03-27 Central Library, BUET 623.8153/SED/198210169210General BookCirculation section2025-04-292025-04-29 Central Library, BUET2016-03-272025-05-13